Cyclisme Féminin : Top 20 du Tour de France 2024 - Statistiques

Statistiques générales
  • Ce quiz a été pris 32 fois
  • Le résultat moyen est 7 sur 20
Statistiques - réponses
Position Equipe Coureur % Correct
2eme Team SD Workx Demi Vollering
96%
4eme FDJ Suez Évita Muzic
89%
9eme Dsm Firmeninch PostNL Juliette Labous
86%
1er Canyon/Sram Racing Katarzyna Niewiadoma
82%
6eme Ceratizit-Wint Cedrine Kerbaol
79%
5eme Lidl Trek Gaia Realini
46%
11eme Fenix Deceuninck Puck Pieterse
43%
3eme Fenix Deceuninck Pauliena Rooijakkers
39%
18eme Movistar Team Liane Lippert
32%
8eme Lidl Trek Lucinda Brand
32%
14eme Team SD Workx Niamh Fisher-Black
25%
10eme Lotto Dstny Ladies Thalita De Jong
21%
7eme AG Insurance Soudal Sarah Gigante
18%
17eme St Michel Mavic Auber93 Marion Brunel
14%
13eme Lidl Trek Shrin Van Anrooij
14%
16eme Arkea B&B Hotels Women Lotte Claes
7%
12eme UAE Team ADQ Erica Magnaldi
4%
19eme FDJ Suez Léa Curinier
4%
15eme Movistar Team Mareille Meijering
4%
20eme Ceratizit Wint Alice Maria Arzuffi
0%
Aucun quiz correspondant
Distribution des résultats
% des personnes avec chaque résultat
Percentile par nombre de réponses
Votre historique - résultats
Vous n’avez pas pris ce quiz